|
|
|
|
| LEADER |
00000cam a2200000 4500 |
| 001 |
vtls011761940 |
| 003 |
SK-MaSNL |
| 005 |
20260301183258.0 |
| 007 |
co cg auuua |
| 008 |
180614s2018 xo | fqn 100 0 slo |
| 015 |
|
|
|a SNBS2019
|
| 020 |
|
|
|a 9788022747929
|q (elektronická kniha)
|
| 040 |
|
|
|a SNK
|b slo
|c SNK
|e rda
|
| 041 |
0 |
|
|a slo
|a eng
|
| 044 |
|
|
|a xo
|c SK
|
| 072 |
|
7 |
|a 621.3
|x Elektrotechnika
|2 konspekt
|
| 072 |
|
7 |
|a 007
|x Teória systémov. Automatické systémy. Kybernetika. Informačné systémy
|2 konspekt
|
| 080 |
|
|
|a (079)37.091.27
|2 2011
|
| 080 |
|
|
|a 621.3
|2 2011
|
| 080 |
|
|
|a 007+004
|2 2011
|
| 080 |
|
|
|a (062.534)
|2 2011
|
| 080 |
|
|
|a (0.034.44)
|2 2011
|
| 110 |
2 |
|
|a Slovenská technická univerzita v Bratislave.
|b Fakulta elektrotechniky a informatiky.
|b ŠVOČ
|d (2018 :
|c Bratislava, Slovensko)
|4 aut
|9 558334
|
| 245 |
1 |
0 |
|a Zborník vybraných prác študentskej vedeckej a odbornej činnosti
|b študentská vedecká a odborná činnost', 18. apríl 2018
|c editori: Peter Benko, Eva Miklovičová
|
| 246 |
3 |
3 |
|a ŠVOČ 2018
|b zborník vybraných prác
|
| 264 |
|
1 |
|a Bratislava
|b Slovenská technická univerzita v Bratislave
|b Spektrum STU
|c 2018
|
| 300 |
|
|
|a 1 CD-ROM
|b farebný
|c 12 cm
|
| 336 |
|
|
|a text
|b txt
|2 rdacontent
|
| 337 |
|
|
|a počítač
|b c
|2 rdamedia
|
| 338 |
|
|
|a počítačový disk
|b cd
|2 rdacarrier
|
| 347 |
|
|
|a textový súbor
|b PDF
|2 rda
|
| 504 |
|
|
|a Obsahuje bibliografie
|
| 546 |
|
|
|a Text aj v angličtine
|
| 650 |
0 |
7 |
|a elektrotechnika
|2 SNKPH
|9 3619
|
| 650 |
0 |
7 |
|a Electric engineering
|2 SNKPHeng
|9 266630
|
| 650 |
0 |
7 |
|a informatika
|2 SNKPH
|9 1124
|
| 650 |
0 |
7 |
|a Informatics
|2 SNKPHeng
|9 267334
|
| 655 |
|
7 |
|a študentské práce
|2 SNKPH
|9 119560
|
| 655 |
|
7 |
|a Student theses
|2 SNKPHeng
|9 265359
|
| 655 |
|
7 |
|a zborníky konferencií
|2 SNKPH
|9 70153
|
| 655 |
|
7 |
|a Proceedings of conferences
|2 SNKPHeng
|9 265791
|
| 655 |
|
7 |
|a CD-ROM
|2 SNKPH
|9 70236
|
| 700 |
1 |
|
|a Benko, Peter
|4 edt
|9 269624
|
| 700 |
1 |
|
|a Miklovičová, Eva,
|d 1967-
|4 edt
|9 189035
|
| 852 |
|
|
|a Štátna vedecká knižnica v Banskej Bystrici
|
| 919 |
|
|
|a 978-80-227-4792-9
|
| 958 |
|
|
|a NB
|
| 999 |
|
|
|c 856445
|d 858375
|
| 952 |
|
|
|a SNK
|b SNK
|y PREZ
|7 0
|p 17A1371860
|o snkSCDM 10526
|i snk2019/13406
|8 0
|0 0
|1 0
|4 0
|d 2019-05-15
|l 0
|r 2026-02-24 04:59:11
|w 2026-02-24
|
| 952 |
|
|
|t snkZBO 621.3
|a SNKMST
|b SNKMST
|y PREZ
|7 0
|p 17A1371861
|o snkSCDM 10526 D1
|i snk2019/13407
|8 0
|0 0
|1 0
|4 0
|d 2019-05-15
|l 0
|r 2025-08-12 00:00:00
|w 2026-02-24
|